00629 2200217 4500001002100000005001500021035002000036007000300056008004100059020002200100082001600122084002200138100001700160245003300177250002000210260006500230300003100295650003900326650002800365856001800393INLIS00000000000005320250710115527 a0010-0725000053ta250710 a 0 ind  a978-623-307-417-9 a398.209 598 a398.209 598 NAY m0 aAnjali Nayar1 aMemasak Apa? /cAnjali Nayar aCetakan Pertama aRawamangun :bBadan Pengembangan dan Pembinaan Bahasa,c2022 a20 hlm. :bIlus. ;c21 cm. 4aCerita Anak Indonesia - Terjemahan 4aLiterasi - Bahan bacaan aTBM AS SUHADA